[Event "1st Turkish League 2017"]
[Site "Konya"]
[Date "2017.07.17"]
[Round "1"]
[White "Sivri, Gorkem"]
[Black "Kitir, Ahmet"]
[Result "1/2-1/2"]
[WhiteElo "2163"]
[BlackElo "2038"]
[Annotator "NA"]
[PlyCount "175"]
[EventType "team-tourn"]
[EventCountry "TUR"]
[SourceTitle "playchess.com"]
[Source "ChessBase"]
[SourceQuality "1"]
[TimeControl "5400+30"]

1. d4 {[%emt 0:00:30]} d5 {[%emt 0:01:00]} 2. c4 {[%emt 0:00:00]} c6 {[%emt 0:00:30]} 3. Nf3 {[%emt 0:00:00]} Nf6 {[%emt 0:04:30]} 4. Nbd2 {[%emt 0:00:30]} g6 {[%emt 0:08:30]} 5. g3 {[%emt 0:03:30]} Bg7 {[%emt 0:00:30]} 6. Bg2 {[%emt 0:00:00]} O-O {[%emt 0:00:30]} 7. O-O {[%emt 0:00:00]} Nbd7 {[%emt 0:03:30]} 8. b3 {[%emt 0:01:30]} e5 {[%emt 0:09:30]} 9. dxe5 {[%emt 0:04:30]} Ng4 {[%emt 0:03:30]} 10. cxd5 {[%emt 0:00:30]} cxd5 {[%emt 0:02:30]} 11. Bb2 {[%emt 0:03:30]} Ngxe5 {[%emt 0:00:30]} 12. Bd4 {[%emt 0:00:30]} Re8 {[%emt 0:04:30]} 13. Qc2 {[%emt 0:02:30]} Nc6 {[%emt 0:08:30]} 14. Bxg7 {[%emt 0:00:30]} Kxg7 {[%emt 0:00:30]} 15. e3 {[%emt 0:05:30]} Nf6 {[%emt 0:01:30]} 16. Qb2 {[%emt 0:06:30]} Qb6 {[%emt 0:04:30]} 17. Ng5 {[%emt 0:05:30]} h6 {[%emt 0:02:30]} 18. Nh7 {[%emt 0:01:30]} Ne5 {[%emt 0:01:30]} 19. Nxf6 {[%emt 0:01:30]} Qxf6 {[%emt 0:00:00]} 20. Qd4 {[%emt 0:01:30]} Be6 {[%emt 0:02:00]} 21. Rac1 {[%emt 0:02:30]} Nc6 {[%emt 0:05:30]} 22. Qxf6+ {[%emt 0:01:30]} Kxf6 {[%emt 0:00:30]} 23. Nf3 {[%emt 0:00:30]} Rac8 {[%emt 0:05:30]} 24. Rfd1 {[%emt 0:05:30]} Nb4 {[%emt 0:05:30]} 25. Nd4 {[%emt 0:14:30]} Nxa2 {[%emt 0:01:30]} 26. Ra1 {[%emt 0:05:30]} Nc3 {[%emt 0:00:30]} 27. Re1 {[%emt 0:00:30]} a6 {[%emt 0:00:30]} 28. Ra5 {[%emt 0:00:30]} Rc7 {[%emt 0:02:30]} 29. h4 {[%emt 0:02:30]} Rec8 {[%emt 0:01:30]} 30. Raa1 {[%emt 0:02:30]} Ra8 {[%emt 0:07:30]} 31. Bf1 {[%emt 0:01:30]} Ne4 {[%emt 0:01:48]} 32. Ra2 {[%emt 0:04:30]} Rac8 {[%emt 0:00:26]} 33. Raa1 {[%emt 0:00:00]} Nd6 {[%emt 0:01:08]} 34. Bg2 {[%emt 0:04:00]} Rc3 {[%emt 0:01:03]} 35. Ra5 {[%emt 0:03:00]} Rc1 {[%emt 0:02:10]} 36. Kf1 {[%emt 0:03:22]} Ne4 {[%emt 0:01:37]} 37. Ra1 {[%emt 0:00:59]} Rxa1 {[%emt 0:02:15]} 38. Rxa1 {[%emt 0:00:30]} Rc3 {[%emt 0:00:30]} 39. Ke1 {[%emt 0:01:04]} Ke7 {[%emt 0:03:16]} 40. Bf3 {[%emt 0:02:46]} Bc8 {[%emt 0:01:05]} 41. Bd1 {[%emt 0:00:31]} Rc7 {[%emt 0:00:25]} 42. g4 {[%emt 0:01:13]} Nf6 {[%emt 0:01:26]} 43. f3 {[%emt 0:00:27]} Ne8 {[%emt 0:00:31]} 44. Kd2 {[%emt 0:00:54]} b5 {[%emt 0:00:34]} 45. Be2 {[%emt 0:01:44]} Ng7 {[%emt 0:00:21]} 46. b4 {[%emt 0:04:05]} Ne6 {[%emt 0:00:43]} 47. Bd3 {[%emt 0:00:32]} Nxd4 {[%emt 0:00:30]} 48. exd4 {[%emt 0:00:02]} Kd6 {[%emt 0:00:23]} 49. Re1 {[%emt 0:00:58]} Re7 {[%emt 0:01:09]} 50. Rc1 {[%emt 0:00:02]} Bb7 {[%emt 0:00:06]} 51. Rg1 {[%emt 0:01:04]} Bc6 {[%emt 0:00:50]} 52. Ra1 {[%emt 0:00:30]} Bb7 {[%emt 0:00:30]} 53. Rc1 {[%emt 0:00:30]} Rc7 {[%emt 0:00:30]} 54. Re1 {[%emt 0:00:00]} Bc6 {[%emt 0:00:12]} 55. Ra1 {[%emt 0:00:00]} Ra7 {[%emt 0:00:15]} 56. Ra5 {[%emt 0:00:01]} Ra8 {[%emt 0:00:44]} 57. Bc2 {[%emt 0:00:16]} Bb7 {[%emt 0:00:00]} 58. Bd3 {[%emt 0:00:04]} Rf8 {[%emt 0:00:56]} 59. Ra1 {[%emt 0:00:12]} Re8 {[%emt 0:00:21]} 60. Rc1 {[%emt 0:00:07]} Re6 {[%emt 0:00:52]} 61. Ra1 {[%emt 0:01:09]} Kc7 {[%emt 0:00:43]} 62. Ra2 {[%emt 0:01:01]} Kb6 {[%emt 0:00:30]} 63. Ra1 {[%emt 0:00:30]} Bc6 {[%emt 0:00:00]} 64. Bc2 {[%emt 0:02:47]} Re7 {[%emt 0:00:40]} 65. Bd3 {[%emt 0:00:30]} Ra7 {[%emt 0:00:30]} 66. Ra5 {[%emt 0:00:00]} Bd7 {[%emt 0:00:08]} 67. Bc2 {[%emt 0:00:00]} f5 {[%emt 0:00:58]} 68. g5 {[%emt 0:03:49]} hxg5 {[%emt 0:01:10]} 69. hxg5 {[%emt 0:00:02]} Ra8 {[%emt 0:00:34]} 70. Bb3 {[%emt 0:00:17]} Bc6 {[%emt 0:00:30]} 71. Ra1 {[%emt 0:00:34]} a5 {[%emt 0:00:36]} 72. bxa5+ {[%emt 0:00:03]} Rxa5 {[%emt 0:00:00]} 73. Re1 {[%emt 0:00:23]} Ra3 {[%emt 0:01:31]} 74. Kc3 {[%emt 0:02:41]} Ka5 {[%emt 0:01:04]} 75. Re6 {[%emt 0:00:30]} b4+ {[%emt 0:00:00]} 76. Kb2 {[%emt 0:00:00]} Bb5 {[%emt 0:00:51]} 77. Bxd5 {[%emt 0:00:37]} Rd3 {[%emt 0:00:13]} 78. Rxg6 {[%emt 0:00:51]} Rd2+ {[%emt 0:00:37]} 79. Kc1 {[%emt 0:00:08]} Rxd4 {[%emt 0:00:00]} 80. Be6 {[%emt 0:01:49]} f4 {[%emt 0:00:36]} 81. Rf6 {[%emt 0:00:36]} Ba4 {[%emt 0:01:04]} 82. Rf5+ {[%emt 0:00:43]} Kb6 {[%emt 0:00:13]} 83. Rd5 {[%emt 0:00:03]} Rxd5 {[%emt 0:00:38]} 84. Bxd5 {[%emt 0:00:30]} Be8 {[%emt 0:00:12]} 85. Be4 {[%emt 0:00:26]} Bf7 {[%emt 0:00:12]} 86. Bh7 {[%emt 0:00:35]} Be6 {[%emt 0:00:24]} 87. Be4 {[%emt 0:00:03]} Kc5 {[%emt 0:00:13]} 88. Kb2 {[%emt 0:01:08]} 1/2-1/2

[Event "1st Turkish League 2017"]
[Site "Konya"]
[Date "2017.07.17"]
[Round "1"]
[White "Ersahin, Bulent"]
[Black "Gulbas, Cemil"]
[Result "0-1"]
[WhiteElo "2145"]
[BlackElo "2366"]
[Annotator "NA"]
[PlyCount "86"]
[EventType "team-tourn"]
[EventCountry "TUR"]
[SourceTitle "playchess.com"]
[Source "ChessBase"]
[SourceQuality "1"]
[TimeControl "5400+30"]

1. Nf3 {[%emt 0:00:30]} d5 {[%emt 0:01:00]} 2. g3 {[%emt 0:00:30]} Nf6 {[%emt 0:00:30]} 3. Bg2 {[%emt 0:00:30]} c6 {[%emt 0:00:00]} 4. O-O {[%emt 0:00:00]} Bg4 {[%emt 0:02:00] LiveBook: 3602 Games} 5. h3 {[%emt 0:01:00]} Bh5 {[%emt 0:02:30]} 6. b3 {[%emt 0:04:30] A07: Réti Opening: New York and Capablanca Systems} (6. d3 Nbd7 7. c4 dxc4 8. dxc4 e6 9. Nc3 Be7 10. Be3 Qc7 11. Qc1 O-O 12. Rd1 Rfd8 13. b3 h6 14. Qb2 Bxf3 15. Bxf3 {0-1 (72) Melkumyan,H (2613)-Tomashevsky,E (2696) Minsk 2017}) 6... Nbd7 {[%emt 0:01:30]} 7. Bb2 {[%emt 0:00:30]} Qc7 {[%emt 0:00:30]} 8. c4 {[%emt 0:04:30]} e6 $146 {[%emt 0:11:30]} ({Predecessor:} 8... e5 9. cxd5 Nxd5 10. d3 Be7 11. Nc3 Nxc3 12. Bxc3 Bf6 13. Rc1 O-O 14. Rc2 Rfe8 15. Qa1 Bg6 16. Nd2 Nc5 17. Bb2 Ne6 18. Ne4 Bxe4 19. Bxe4 Nd4 20. Bxd4 {½-½ (20) Pak,R (2131)-Bruemmer,F (2171) Germany 2011}) 9. cxd5 {[%emt 0:02:30]} exd5 {[%emt 0:10:30]} 10. Nc3 {[%emt 0:04:30]} Bc5 {[%emt 0:02:30]} 11. Na4 {[%emt 0:08:30]} Be7 {[%emt 0:03:30]} 12. Rc1 {[%emt 0:02:30]} O-O {[%emt 0:07:30]} 13. d3 {[%emt 0:07:30]} Bxf3 {[%emt 0:19:30]} 14. Bxf3 {[%emt 0:01:30]} h5 {[%emt 0:03:30]} 15. h4 {[%emt 0:05:30]} Ne5 {[%emt 0:06:30]} 16. e3 {[%emt 0:11:30]} g6 {[%emt 0:08:41]} 17. Nc5 {[%emt 0:04:30]} Nxf3+ {[%emt 0:01:43]} 18. Qxf3 {[%emt 0:00:30]} Ng4 $11 {[%emt 0:02:15]} 19. Rfe1 {[%emt 0:06:30]} Rad8 {[%emt 0:03:10]} 20. b4 {[%emt 0:05:30]} b6 {[%emt 0:06:10]} 21. Na6 {[%emt 0:01:30]} Qb7 {[%emt 0:01:14]} 22. b5 {[%emt 0:00:30]} c5 {[%emt 0:00:00]} 23. d4 {[%emt 0:03:30]} c4 {[%emt 0:03:39]} 24. Rxc4 {[%emt 0:00:30]} Bd6 {[%emt 0:01:18]} 25. Rc6 {[%emt 0:01:30]} Qe7 {[%emt 0:01:03]} 26. Qxd5 {[%emt 0:03:00]} Nxf2 {[%emt 0:00:17]} 27. Qf3 {[%emt 0:02:29]} Ne4 {[%emt 0:00:33]} 28. Re2 {[%emt 0:08:44]} Bxg3 {[%emt 0:00:43]} 29. Rg2 {[%emt 0:00:29]} Qxh4 {[%emt 0:00:00]} 30. Nb4 {[%emt 0:02:48]} Bd6 {[%emt 0:00:09]} 31. Nd3 {[%emt 0:01:06]} Ng5 {[%emt 0:00:55]} 32. Qe2 {[%emt 0:01:23]} Rfe8 {[%emt 0:00:21]} 33. Nf2 {[%emt 0:01:07]} Bg3 {[%emt 0:00:24]} 34. Nd3 {[%emt 0:00:48]} Rd5 {[%emt 0:00:13]} 35. Ne5 {[%emt 0:00:53]} Bxe5 {[%emt 0:01:56]} 36. dxe5 {[%emt 0:00:11]} Ne6 {[%emt 0:00:03]} 37. a4 {[%emt 0:03:33]} Red8 {[%emt 0:00:22]} 38. Rd6 {[%emt 0:00:21]} R8xd6 {[%emt 0:00:56]} 39. exd6 {[%emt 0:00:06]} Qxa4 {[%emt 0:00:05]} 40. Rf2 {[%emt 0:02:22]} Qd1+ {[%emt 0:00:30]} 41. Qxd1 {[%emt 0:00:30]} Rxd1+ {[%emt 0:00:30]} 42. Kg2 {[%emt 0:00:00]} Rxd6 {[%emt 0:00:00]} 43. Rc2 {[%emt 0:00:00]} Kh7 {[%emt 0:00:32]} 0-1

[Event "1st Turkish League 2017"]
[Site "Konya"]
[Date "2017.07.17"]
[Round "1"]
[White "Karaoglan, Doruk"]
[Black "Dedebas, Emre Emin"]
[Result "0-1"]
[WhiteElo "2130"]
[BlackElo "2322"]
[Annotator "NA"]
[PlyCount "116"]
[EventType "team-tourn"]
[EventCountry "TUR"]
[SourceTitle "playchess.com"]
[Source "ChessBase"]
[SourceQuality "1"]
[TimeControl "5400+30"]

1. e4 {[%emt 0:00:30]} e5 {[%emt 0:01:00]} 2. Nf3 {[%emt 0:00:30]} Nc6 {[%emt 0:00:30]} 3. Bc4 {[%emt 0:00:30]} Bc5 {[%emt 0:00:00]} 4. c3 {[%emt 0:00:30]} Nf6 {[%emt 0:00:00]} 5. d3 {[%emt 0:00:00]} d6 {[%emt 0:00:00]} 6. Bb3 {[%emt 0:01:00]} a6 {[%emt 0:00:00]} 7. Nbd2 {[%emt 0:00:30]} Ba7 {[%emt 0:00:00]} 8. h3 {[%emt 0:00:30]} O-O {[%emt 0:00:00]} 9. Nf1 {[%emt 0:00:30]} d5 $11 {[%emt 0:03:30] LiveBook: 188 Games} 10. Qe2 {[%emt 0:03:30]} dxe4 {[%emt 0:03:30]} 11. dxe4 {[%emt 0:00:30]} Qe7 {[%emt 0:00:00]} 12. Ng3 {[%emt 0:00:30]} Be6 {[%emt 0:00:00]} 13. Nh4 {[%emt 0:04:30]} Bxb3 {[%emt 0:14:30]} 14. axb3 {[%emt 0:00:30]} Qe6 {[%emt 0:00:30]} 15. b4 {[%emt 0:04:30]} Ne7 {[%emt 0:07:30]} 16. Nhf5 {[%emt 0:07:30]} Nxf5 {[%emt 0:24:30]} 17. Nxf5 {[%emt 0:00:30]} Kh8 {[%emt 0:00:00]} 18. O-O {[%emt 0:16:30]} g6 {[%emt 0:16:00]} 19. Nh4 {[%emt 0:05:30]} Nh5 {[%emt 0:04:30]} 20. Rd1 {[%emt 0:16:30]} Bb6 {[%emt 0:13:58]} 21. Bh6 {[%emt 0:06:30]} Rfd8 {[%emt 0:01:50]} 22. Nf3 {[%emt 0:07:30]} f6 {[%emt 0:01:43]} 23. Rd3 {[%emt 0:08:46]} Nf4 {[%emt 0:04:16]} 24. Bxf4 {[%emt 0:01:39]} exf4 {[%emt 0:00:03]} 25. Rad1 {[%emt 0:07:01]} Rxd3 {[%emt 0:00:41]} 26. Qxd3 {[%emt 0:00:30]} Re8 {[%emt 0:00:00]} 27. Re1 {[%emt 0:00:59]} Qc6 {[%emt 0:04:46]} 28. Qd5 {[%emt 0:01:50]} Qxd5 {[%emt 0:01:08]} 29. exd5 {[%emt 0:00:30]} Rxe1+ {[%emt 0:00:30]} 30. Nxe1 {[%emt 0:00:00]} Kg7 {[%emt 0:00:00]} 31. Nc2 {[%emt 0:00:54]} f5 {[%emt 0:00:13]} 32. Na3 {[%emt 0:02:35]} Ba7 {[%emt 0:00:37]} 33. Nc4 {[%emt 0:01:40]} Kf6 {[%emt 0:01:07]} 34. d6 {[%emt 0:00:16]} cxd6 {[%emt 0:00:21]} 35. Nxd6 {[%emt 0:00:06]} b5 {[%emt 0:00:00]} 36. Ne8+ {[%emt 0:01:12]} Ke5 {[%emt 0:00:36]} 37. Nc7 {[%emt 0:00:08]} Bb6 {[%emt 0:00:30]} 38. Nxa6 {[%emt 0:00:38]} Kd5 {[%emt 0:00:10]} 39. b3 {[%emt 0:00:29]} Bd8 {[%emt 0:00:03]} 40. Kf1 {[%emt 0:01:10]} Bf6 {[%emt 0:00:46]} 41. Nc7+ {[%emt 0:00:55]} Kc6 {[%emt 0:00:30]} 42. Ne6 {[%emt 0:00:00]} Bxc3 {[%emt 0:00:17]} 43. Nxf4 {[%emt 0:00:21]} Bxb4 {[%emt 0:00:30]} 44. Ke2 {[%emt 0:00:00]} Bd6 {[%emt 0:00:00]} 45. Ne6 {[%emt 0:00:24]} Kd5 {[%emt 0:00:30]} 46. Ng5 {[%emt 0:00:07]} Kd4 {[%emt 0:00:30]} 47. Nxh7 {[%emt 0:02:05]} Kc3 {[%emt 0:00:07]} 48. g4 {[%emt 0:00:09]} fxg4 {[%emt 0:01:01]} 49. hxg4 {[%emt 0:00:35]} Kxb3 {[%emt 0:00:00]} 50. Ke3 {[%emt 0:00:26]} Kc2 {[%emt 0:00:37]} 51. Ng5 {[%emt 0:00:28]} b4 {[%emt 0:00:56]} 52. Ne4 {[%emt 0:00:45]} Be7 {[%emt 0:00:18]} 53. f4 {[%emt 0:00:21]} b3 {[%emt 0:00:05]} 54. f5 {[%emt 0:00:27]} b2 {[%emt 0:00:43]} 55. f6 {[%emt 0:00:30]} Bf8 {[%emt 0:00:30]} 56. Nd2 {[%emt 0:00:30]} Bh6+ {[%emt 0:00:30]} 57. Ke2 {[%emt 0:00:30]} Bxd2 {[%emt 0:00:30]} 58. f7 {[%emt 0:00:00]} Bb4 {[%emt 0:00:00]} 0-1

[Event "1st Turkish League 2017"]
[Site "Konya"]
[Date "2017.07.17"]
[Round "1"]
[White "Caglar, Ahmet Ata"]
[Black "Bulduk, Ibrahim Ege"]
[Result "1-0"]
[WhiteElo "2082"]
[BlackElo "1920"]
[Annotator "NA"]
[PlyCount "93"]
[EventType "team-tourn"]
[EventCountry "TUR"]
[SourceTitle "playchess.com"]
[Source "ChessBase"]
[SourceQuality "1"]
[TimeControl "5400+30"]

1. d4 f5 2. Bg5 h6 3. Bh4 g5 4. e3 Nf6 5. Bg3 d6 {LiveBook: 136 Games} 6. h4 g4 {A80: Dutch Defence: Unusual White second moves} 7. Nc3 (7. h5 e6 8. Ne2 Nc6 9. Nbc3 e5 10. dxe5 Nxe5 11. Qd4 Qe7 12. Nf4 Bg7 13. O-O-O O-O 14. Bh4 {½-½ (24) Hillarp Persson,T (2546)-Kuzubov,Y (2641) Douglas 2015}) 7... c6 8. Nge2 Be6 $146 ({Predecessor:} 8... Qb6 9. b3 Qa5 10. a3 Nh5 11. b4 Qc7 12. Qd3 {1-0 (12) Richard,A (2000)-Pech,S (2000) FICGS email 2011}) 9. Qd3 Na6 10. e4 Nb4 11. Qd2 fxe4 12. Nxe4 Nxe4 13. Qxb4 Qb6 14. Qxb6 axb6 15. Nf4 Bf7 16. Bd3 Nxg3 17. fxg3 Bg7 18. c3 Rxa2 19. Rxa2 Bxa2 20. Ng6 Rg8 21. O-O h5 $11 (21... Bf7 $17 22. Nf4 e5 23. dxe5 Bxe5) 22. Ra1 Bf7 23. Ra7 Bxd4+ 24. cxd4 Bxg6 25. Ra8+ Kf7 26. Rxg8 Bxd3 27. Rb8 Ba6 28. Kf2 c5 29. Ke3 Kf6 30. Rh8 Kg6 31. Rg8+ Kf6 32. Rg5 cxd4+ 33. Kxd4 Bf1 34. Rxh5 Bxg2 35. Rb5 e5+ 36. Ke3 Bc6 37. Rxb6 d5 38. b4 d4+ 39. Kd3 Kf5 40. b5 Be4+ 41. Kd2 Bd5 42. Rd6 Bc4 43. h5 Kg5 44. h6 Bg8 45. Re6 Bh7 46. Rxe5+ Kxh6 47. Re7 1-0

[Event "1st Turkish League 2017"]
[Site "Konya"]
[Date "2017.07.17"]
[Round "1"]
[White "Dogan, Mire Deniz"]
[Black "Annaberdiyev, Babageldi"]
[Result "0-1"]
[WhiteElo "2075"]
[BlackElo "2262"]
[Annotator "NA"]
[PlyCount "56"]
[EventType "team-tourn"]
[EventCountry "TUR"]
[SourceTitle "playchess.com"]
[Source "ChessBase"]
[SourceQuality "1"]
[TimeControl "5400+30"]

1. b3 {[%emt 0:00:30]} c5 {[%emt 0:05:00]} 2. Bb2 {[%emt 0:00:00]} Nc6 {[%emt 0:00:00]} 3. e3 {[%emt 0:00:00]} Nf6 {[%emt 0:02:00]} 4. Nf3 {[%emt 0:00:30]} e6 {[%emt 0:00:30]} 5. c4 {[%emt 0:02:30] LiveBook: 72 Games} Be7 {[%emt 0:00:30]} 6. Be2 {[%emt 0:00:30]} O-O {[%emt 0:00:30]} 7. O-O {[%emt 0:00:30]} b6 {[%emt 0:00:30]} 8. d4 {[%emt 0:00:30]} cxd4 {[%emt 0:00:30]} 9. Nxd4 {[%emt 0:00:30]} Bb7 {[%emt 0:00:30]} 10. Bf3 {[%emt 0:00:30]} d5 {[%emt 0:06:30]} 11. Nc3 {[%emt 0:05:30]} Ne5 {[%emt 0:03:30]} 12. cxd5 {[%emt 0:03:30] A30: Symmetrical English: Double Fianchetto and Hedgehog} Nxf3+ {[%emt 0:02:30]} 13. Qxf3 {[%emt 0:00:30]} Nxd5 {[%emt 0:00:30]} 14. Nxd5 {[%emt 0:00:30]} Qxd5 {[%emt 0:01:30]} 15. Qxd5 {[%emt 0:12:30]} Bxd5 {[%emt 0:00:30]} 16. Nb5 $146 {[%emt 0:05:30]} ({Predecessor:} 16. Rac1 Rac8 17. Nb5 a6 18. Nc3 Bc6 19. Na4 Bxa4 20. bxa4 {½-½ (33) Schaefer,N (2240)-Schurade,M (2345) Germany 1995}) 16... Bc6 {[%emt 0:07:30]} 17. Nd4 {[%emt 0:14:30]} Bb7 {[%emt 0:01:30]} 18. Rac1 {[%emt 0:04:30]} Rac8 {[%emt 0:00:30]} 19. f4 {[%emt 0:07:30]} a6 {[%emt 0:09:30]} 20. Kf2 {[%emt 0:16:30]} Be4 {[%emt 0:09:30]} 21. Ne2 {[%emt 0:06:24]} f6 {[%emt 0:06:30]} 22. Ng3 $15 {[%emt 0:04:57]} Bc2 {[%emt 0:07:30]} 23. Kf3 {[%emt 0:03:43]} Rfd8 {[%emt 0:02:30]} 24. Rf2 {[%emt 0:01:16]} Bd1+ {[%emt 0:00:00]} 25. Ke4 {[%emt 0:08:27]} f5+ {[%emt 0:02:00]} 26. Nxf5 {[%emt 0:00:30]} exf5+ {[%emt 0:00:30]} 27. Kxf5 {[%emt 0:00:00]} Kf7 {[%emt 0:06:30]} 28. h3 {[%emt 0:00:30]} Re8 {[%emt 0:00:30]} 0-1

[Event "1st Turkish League 2017"]
[Site "Konya"]
[Date "2017.07.17"]
[Round "1"]
[White "Kose, Serkan"]
[Black "Okus, Melih"]
[Result "0-1"]
[WhiteElo "2068"]
[BlackElo "2041"]
[Annotator "NA"]
[PlyCount "68"]
[EventType "team-tourn"]
[EventCountry "TUR"]
[SourceTitle "playchess.com"]
[Source "ChessBase"]
[SourceQuality "1"]
[TimeControl "5400+30"]

1. e4 {[%emt 0:00:30]} g6 {[%emt 0:01:00]} 2. d4 {[%emt 0:00:00]} Bg7 {[%emt 0:00:30]} 3. Nf3 {[%emt 0:00:00]} d6 {[%emt 0:00:00]} 4. Bc4 {[%emt 0:00:30]} Nf6 {[%emt 0:01:00]} 5. Nc3 {[%emt 0:02:30]} c6 {[%emt 0:00:30]} 6. O-O {[%emt 0:00:30]} d5 {[%emt 0:00:30]} 7. exd5 {[%emt 0:00:30]} cxd5 {[%emt 0:00:30]} 8. Bb5+ {[%emt 0:00:30]} Bd7 {[%emt 0:00:30]} 9. Bf4 {[%emt 0:02:30]} O-O {[%emt 0:02:30]} 10. Re1 {[%emt 0:03:30]} a6 {[%emt 0:02:30]} 11. Bxd7 {[%emt 0:00:30]} Nbxd7 {[%emt 0:01:30]} 12. Qd2 {[%emt 0:00:30]} b5 {[%emt 0:07:30]} 13. a3 {[%emt 0:03:30]} Nb6 {[%emt 0:03:30]} 14. Ne5 {[%emt 0:03:30]} Rc8 {[%emt 0:00:30]} 15. Bh6 {[%emt 0:04:30]} Nc4 {[%emt 0:06:30]} 16. Nxc4 {[%emt 0:02:30]} Rxc4 {[%emt 0:00:30]} 17. Bxg7 {[%emt 0:00:30]} Kxg7 {[%emt 0:00:00]} 18. Rad1 {[%emt 0:01:30]} e6 {[%emt 0:02:00]} 19. Re3 {[%emt 0:12:30]} h5 {[%emt 0:24:30]} 20. Rh3 {[%emt 0:04:30]} Qb6 {[%emt 0:11:30]} 21. Qe3 {[%emt 0:11:30]} Rfc8 {[%emt 0:04:30]} 22. Qe5 {[%emt 0:07:30]} Qc7 {[%emt 0:00:00]} 23. Rxh5 {[%emt 0:00:30]} Qxe5 {[%emt 0:00:00]} 24. Rxe5 {[%emt 0:00:30]} b4 {[%emt 0:00:00]} 25. axb4 {[%emt 0:13:30]} Rxb4 {[%emt 0:01:00]} 26. Re3 {[%emt 0:00:30]} Rxb2 {[%emt 0:00:30]} 27. f3 {[%emt 0:11:47]} Rxc2 {[%emt 0:01:30]} 28. Na4 {[%emt 0:00:17]} R8c4 {[%emt 0:02:30]} 29. Nc5 {[%emt 0:00:54]} Ra2 {[%emt 0:00:30]} 30. Kh1 {[%emt 0:06:39]} Rxd4 {[%emt 0:00:30]} 31. Rg1 {[%emt 0:00:20]} Rc4 {[%emt 0:01:30]} 32. Nd3 {[%emt 0:00:30]} Ra3 {[%emt 0:00:30]} 33. Rd1 {[%emt 0:00:31]} Rcc3 {[%emt 0:01:30]} 34. f4 {[%emt 0:00:23]} Ng4 {[%emt 0:00:00]} 0-1

[Event "1st Turkish League 2017"]
[Site "Konya"]
[Date "2017.07.17"]
[Round "1"]
[White "Zeydan, Salih"]
[Black "Tezcan, Emre"]
[Result "1-0"]
[WhiteElo "2001"]
[BlackElo "2107"]
[Annotator "NA"]
[PlyCount "101"]
[EventType "team-tourn"]
[EventCountry "TUR"]
[SourceTitle "playchess.com"]
[Source "ChessBase"]
[SourceQuality "1"]
[TimeControl "5400+30"]

1. e4 {[%emt 0:00:30]} c6 {[%emt 0:01:00]} 2. d4 {[%emt 0:00:30]} d5 {[%emt 0:00:30]} 3. Nd2 {[%emt 0:00:30]} dxe4 {[%emt 0:00:30]} 4. Nxe4 {[%emt 0:00:30]} Bf5 {[%emt 0:00:00]} 5. Ng3 {[%emt 0:00:30]} Bg6 {[%emt 0:00:00]} 6. h4 {[%emt 0:02:30]} h6 {[%emt 0:00:30]} 7. Nh3 {[%emt 0:03:30]} e6 {[%emt 0:03:30]} 8. Nf4 {[%emt 0:03:30]} Bh7 {[%emt 0:00:30]} 9. Bc4 {[%emt 0:01:30]} Nf6 {[%emt 0:02:30]} 10. Qe2 {[%emt 0:02:30]} Bd6 {[%emt 0:06:30]} 11. Nfh5 {[%emt 0:06:30]} O-O {[%emt 0:04:30]} 12. Be3 {[%emt 0:08:30]} b5 {[%emt 0:11:30]} 13. Nxf6+ {[%emt 0:07:30]} Qxf6 {[%emt 0:00:30]} 14. Nh5 {[%emt 0:00:30]} Qe7 {[%emt 0:07:30]} 15. Bd3 {[%emt 0:05:30]} Bxd3 {[%emt 0:03:30]} 16. Qxd3 {[%emt 0:00:30]} Nd7 {[%emt 0:07:30]} 17. O-O-O {[%emt 0:07:30]} Nf6 {[%emt 0:03:30]} 18. Nxf6+ {[%emt 0:06:30]} Qxf6 {[%emt 0:00:30]} 19. g4 {[%emt 0:00:30]} Qf3 {[%emt 0:02:30]} 20. Qd2 {[%emt 0:05:30]} f5 {[%emt 0:05:30]} 21. gxf5 {[%emt 0:03:30]} exf5 {[%emt 0:00:00]} 22. Qc3 {[%emt 0:07:30]} f4 {[%emt 0:08:00]} 23. Bd2 {[%emt 0:00:30]} Qxc3 {[%emt 0:03:30]} 24. Bxc3 {[%emt 0:01:30]} Rae8 {[%emt 0:01:30]} 25. Rde1 {[%emt 0:03:30]} Kf7 {[%emt 0:01:30]} 26. Kd1 {[%emt 0:01:30]} b4 {[%emt 0:02:30]} 27. Bd2 {[%emt 0:00:30]} g6 {[%emt 0:02:30]} 28. f3 {[%emt 0:04:04]} Kf6 {[%emt 0:00:30]} 29. Rxe8 {[%emt 0:02:59]} Rxe8 {[%emt 0:00:30]} 30. Re1 {[%emt 0:00:00]} Rxe1+ {[%emt 0:01:30]} 31. Bxe1 {[%emt 0:00:42]} Ke6 {[%emt 0:03:31]} 32. Ke2 {[%emt 0:04:03]} Kf5 {[%emt 0:05:52]} 33. c4 {[%emt 0:01:16]} a5 {[%emt 0:00:19]} 34. b3 {[%emt 0:02:26]} Be7 {[%emt 0:00:41]} 35. Bf2 {[%emt 0:01:09]} Bf6 {[%emt 0:01:12]} 36. Kd3 {[%emt 0:01:27]} Be7 {[%emt 0:02:59]} 37. Be1 {[%emt 0:01:38]} g5 {[%emt 0:02:35]} 38. hxg5 {[%emt 0:00:09]} hxg5 {[%emt 0:00:00]} 39. Bf2 {[%emt 0:03:06]} Bd6 {[%emt 0:00:16]} 40. c5 {[%emt 0:01:33]} Bc7 {[%emt 0:00:38]} 41. Kc4 {[%emt 0:00:40]} g4 {[%emt 0:01:46]} 42. fxg4+ {[%emt 0:00:05]} Kxg4 {[%emt 0:00:30]} 43. d5 {[%emt 0:00:19]} Kf3 {[%emt 0:03:31]} 44. Bh4 {[%emt 0:01:00]} cxd5+ {[%emt 0:00:38]} 45. Kxd5 {[%emt 0:00:08]} Ke2 {[%emt 0:00:15]} 46. Kc6 {[%emt 0:00:46]} Be5 {[%emt 0:01:23]} 47. Kb7 {[%emt 0:00:18]} f3 {[%emt 0:00:26]} 48. c6 {[%emt 0:00:30]} Kd3 {[%emt 0:00:25]} 49. c7 {[%emt 0:00:23]} Bxc7 {[%emt 0:00:06]} 50. Kxc7 {[%emt 0:00:01]} Kc3 {[%emt 0:01:28]} 51. Kb6 {[%emt 0:00:29]} 1-0